000 00512cam a2200157 4500500
005 20251012032457.0
041 _afre
042 _adc
100 1 0 _aMotoret, Laurence
_eauthor
700 1 0 _a Coulon, Isabelle
_eauthor
245 0 0 _aHoward Phillips Lovecraft : le géomètre de nos terreurs indicibles
260 _c2001.
500 _a67
786 0 _nSigila | 7 | 1 | 2001-06-20 | p. 161-174 | 1286-1715
856 4 1 _uhttps://shs.cairn.info/revue-sigila-2001-1-page-161?lang=fr&redirect-ssocas=7080
999 _c1547400
_d1547400